Parents (Record no. 17438)
[ view plain ]
| 000 -LEADER | |
|---|---|
| fixed length control field | 00240nam a22000977a 4500 |
| 008 - FIXED-LENGTH DATA ELEMENTS--GENERAL INFORMATION | |
| fixed length control field | 190215b xxu||||| |||| 00| 0 eng d |
| 100 ## - MAIN ENTRY--PERSONAL NAME | |
| Personal name | Kyalo, Betty |
| 245 ## - TITLE STATEMENT | |
| Title | Parents |
| Remainder of title | Starting a fresh |
| Statement of responsibility, etc. | Betty Kyallo |
| 300 ## - PHYSICAL DESCRIPTION | |
| Extent | 60p. |
| 942 ## - ADDED ENTRY ELEMENTS (KOHA) | |
| Source of classification or shelving scheme | Library of Congress Classification |
| Koha item type | Periodicals |
| Withdrawn status | Lost status | Source of classification or shelving scheme | Not for loan | Home library | Current library | Date acquired | Total Checkouts | Barcode | Date last seen | Date last checked out | Price effective from | Koha item type |
|---|---|---|---|---|---|---|---|---|---|---|---|---|
| Library of Congress Classification | Kabarak, Main Campus | Kabarak, Main Campus | 15/02/2019 | 1 | 023055 | 16/03/2020 | 16/03/2020 | 15/02/2019 | Periodicals |